000 00585nam a2200205Ia 4500
005 20250425161059.0
008 250425s9999 xx 000 0 und d
041 _aeng
082 _a697.002
100 _aSAUER, HARRY J.
245 0 _aENVIRONMENTAL CONTROL PRINCIPLES
250 _aS.E.
260 _aEstados Unidos
_bAMERICAN SOCIETY OF HEATING REFRIGERATING AND AIR - CONDITIONING ENGINEERS, INC
_c1974
260 _aNEW YORK
650 _aAIRE ACONDICIONADO-MANUAL
650 _aCALEFACCION-MANUALES
650 _aVENTILACION-MANUALES
942 _c01
010 _a12050
999 _c202005
_d202005